| 000 | 00626nam a2200145Ia 4500 | ||
|---|---|---|---|
| 008 | 250506s9999 xx 000 0 und d | ||
| 024 | _a09B-132-EE, 09B-113-EE, 09B-114-EE, 09B-146-EE & 09B-147-EE | ||
| 082 | _a621.389072 USA | ||
| 100 | _aUsama Ahmed, Danish Ahmed, S. Raheel Khan, Noman Razzak & S. M. Ahsn Abbas Zaidi | ||
| 245 | 0 | _aBuilding Management System Using RS-485 Communication | |
| 260 |
_aKarachi: _bUIT, _c2009 |
||
| 600 | _aElectronic Engineering | ||
| 650 | _aBachelor of Engineering (BE) | ||
| 856 |
_uhttps://drive.google.com/file/d/1g8s7r2ZoIXgRRVJzU7O_HzhK0SqGLgKd/view?usp=sharing _yClick here for PDF |
||
| 999 |
_c27985 _d27985 |
||